Catálogo
 En Linea

Informe estadístico sector Zonas Francas 2014 / (Registro nro. 51857)

Detalles MARC
000 -CABECERA
campo de control de longitud fija 00884nam a2200229 a 4500
003 - IDENTIFICADOR DEL NÚMERO DE CONTROL
campo de control DO-SdBNP
005 - FECHA Y HORA DE LA ÚLTIMA TRANSACCIÓN
campo de control 20260205110706.0
007 - CAMPO FIJO DE DESCRIPCIÓN FÍSICA--INFORMACIÓN GENERAL
campo de control de longitud fija ta
008 - DATOS DE LONGITUD FIJA--INFORMACIÓN GENERAL
campo de control de longitud fija 220531e201? dr ad||grs||| 000 0 spa d
040 ## - FUENTE DE LA CATALOGACIÓN
Centro catalogador/agencia de origen DO-SdBNP
Lengua de catalogación spa
Centro/agencia transcriptor BNPHU
082 #4 - NÚMERO DE LA CLASIFICACIÓN DECIMAL DEWEY
Número de edición 22
Número de documento/Ítem R426i
110 2# - ENTRADA PRINCIPAL--NOMBRE DE ENTIDAD CORPORATIVA
Nombre de entidad corporativa o nombre de jurisdicción como elemento de entrada Consejo Nacional de Educación Superior (República Dominicana)
9 (RLIN) 17074
245 10 - MENCIÓN DE TÍTULO
Título Informe estadístico sector Zonas Francas 2014 /
Mención de responsabilidad, etc. Coordinador editorial, Jorge Montero; Fotografía y edición, Augusto Valdivia.
260 #4 - PUBLICACIÓN, DISTRIBUCIÓN, ETC.
Lugar de publicación, distribución, etc. Santo Domingo :
Nombre del editor, distribuidor, etc. Valdivia,
Fecha de publicación, distribución, etc. 2014?
300 ## - DESCRIPCIÓN FÍSICA
Extensión 79 p. :
Otras características físicas il., retr.
Dimensiones 28 cm.
500 ## - NOTA GENERAL
Nota general Incluye indice de cuadros y gráficos.
590 ## - NOTA LOCAL (RLIN)
Nota local Inventariado 2022 / MF
610 #4 - PUNTO DE ACCESO ADICIONAL DE MATERIA--NOMBRE DE ENTIDAD CORPORATIVA
9 (RLIN) 57964
Nombre de entidad corporativa o nombre de jurisdicción como elemento de entrada República Dominicana
Unidad subordinada Consejo Nacional de Zonas Francas de Exportación.
Título de la obra Informe Estadístico
Subdivisión cronológica 2014
650 #0 - PUNTO DE ACCESO ADICIONAL DE MATERIA--TÉRMINO DE MATERIA
Término de materia o nombre geográfico como elemento de entrada Informes técnicos
Subdivisión general Redacción
9 (RLIN) 7867
910 ## - DATOS DE OPCIÓN DEL USUARIO (OCLC)
Datos de opción del usuario MFeliz
942 ## - ELEMENTOS DE PUNTO DE ACCESO ADICIONAL (KOHA)
Fuente del sistema de clasificación o colocación Dewey Decimal Classification
Tipo de ítem Koha Libro
Existencias
Estado de retiro Estado de pérdida Fuente del sistema de clasificación o colocación Restricciones de uso No para préstamo Código de colección Localización permanente Ubicación/localización actual Ubicación en estantería Fecha de adquisición Fuente de adquisición Total de préstamos Signatura topográfica completa Código de barras Fecha visto por última vez Precio válido a partir de Tipo de ítem Koha Número de copia
    Dewey Decimal Classification Excluido de préstamo   Patrimonio Dominicano Biblioteca Nacional Pedro Henríquez Ureña Biblioteca Nacional Pedro Henríquez Ureña Depósito 09.03.2016 Donado por Ines DYC   R426i 2022-2521 31.05.2022 31.05.2022 Libro  
    Dewey Decimal Classification Excluido de préstamo   Patrimonio Dominicano Biblioteca Nacional Pedro Henríquez Ureña Biblioteca Nacional Pedro Henríquez Ureña Depósito 09.03.2016 Donado por Ines DYC   R426i 2022-2522 31.05.2022 31.05.2022 Libro e.2
    Dewey Decimal Classification Préstamo en sala   Dominicana de Servicio Biblioteca Nacional Pedro Henríquez Ureña Biblioteca Nacional Pedro Henríquez Ureña Depósito 09.03.2016 Donado por Ines DYC   R426i 2022-2523 31.05.2022 31.05.2022 Libro e.3

Con tecnología Koha